Varieties of Tea - Statistics

General Stats
  • This quiz has been taken 24 times
  • The average score is 4 of 6
Answer Stats
Answer % Correct
Black
100%
Green
100%
White
65%
Oolong
45%
Yellow
40%
Dark
20%
No matching quizzes found
Score Distribution
Percent of People with Each Score
Percentile by Number Answered
Your Score History
You have not taken this quiz